| 000 | 03216cam a22006854i 4500 | ||
|---|---|---|---|
| 003 | PE-LiUPU | ||
| 005 | 20250731170450.0 | ||
| 008 | 150706s2009 mx a r 000 0 spa d | ||
| 020 | _a0073370207 | ||
| 020 | _a9780073370200 | ||
| 035 | _a(Sirsi) i9780073370200 | ||
| 040 |
_aPE-LiUPU _bspa _cPE-LiUPU _dPE-LiUPU _erda |
||
| 049 | _aPRUA | ||
| 082 | 0 | 4 |
_a150 _bF35 _221 |
| 100 | 1 |
_aFeldman, Robert Stephen, _d1947-, _eautor. |
|
| 245 | 1 | 0 |
_aPsicología con aplicaciones a los países de habla hispana / _cRobert S. Feldman. |
| 250 | _a8a edición. | ||
| 264 | 1 |
_aMéxico : _bMcGraw-Hill / Interamericana, _c2009. |
|
| 300 |
_a579 páginas : _bilustraciones ; _c27 centímetros |
||
| 336 |
_atext _2rdacontent |
||
| 337 |
_aunmediated _2rdamedia |
||
| 338 |
_avolume _2rdacarrier |
||
| 505 | 0 | _aIntroducción a la psicología -- Neurociencia y comportamiento -- Sensación y percepción -- Estados de conciencia -- Aprendizaje -- Memoria -- Pensamiento, lenguaje e inteligencia -- Motivación y emoción -- Desarrollo -- Personalidad -- Psicología de la salud: estrés, afrontamiento y bienestar -- Trastornos psicológicos -- Tratamiento de los trastornos psicológicos -- Psicología social. | |
| 526 | _aSEG68 | ||
| 526 | _aSEG70 | ||
| 526 | _aSEG69 | ||
| 526 | _aSEG67 | ||
| 526 | _aSEG43 | ||
| 526 | _aP144 | ||
| 526 | _aP143 | ||
| 526 | _aP131 | ||
| 526 | _aP122 | ||
| 526 | _aP120 | ||
| 526 | _aP117 | ||
| 526 | _aP112 | ||
| 526 | _aP110 | ||
| 526 | _aP106 | ||
| 526 | _aP101 | ||
| 526 | _aP80 | ||
| 526 | _aP59 | ||
| 526 | _aP54 | ||
| 526 | _aP35 | ||
| 526 | _aP33 | ||
| 526 | _aP30 | ||
| 541 | _g001-000128; | ||
| 541 | _g001-000128; | ||
| 541 | _g001-0031617; | ||
| 650 | 0 | 4 |
_aPsicología. _95567 |
| 700 | 1 |
_aVelázquez Arellano, Jorge Alberto, _editor. |
|
| 910 |
_bjv _cng _d20100610 |
||
| 942 |
_2ddc _cBOOK |
||
| 949 |
_a150 F35 _wDEWEY _c1 _i61877 _d2016-11-6 _e2016-11-3 _lCCODEBUL1 _mBUL _n6 _r0 _sY _tBOOK _u2015-7-6 _xSALUD _PP33 _0COMPRA _o.STAFF. Colección Ciencias de la Salud |
||
| 949 |
_a150 F35 _wDEWEY _c2 _i69342 _d2016-5-25 _e2016-5-22 _lCCODEBUL1 _mBUL _n5 _p66.00 _r0 _sY _tBOOK _u2015-7-6 _xSALUD _PP33 _0COMPRA _o.STAFF. Colección Ciencias de la Salud |
||
| 949 |
_a150 F35 _wDEWEY _c3 _i69343 _d2016-11-8 _e2016-11-6 _lCCODEBUL1 _mBUL _n7 _p66.00 _r0 _sY _tBOOK _u2015-7-6 _xSALUD _PP33 _0COMPRA _o.STAFF. Colección Ciencias de la Salud |
||
| 994 |
_aC0 _bPEPRU |
||
| 596 | _a1 | ||
| 999 |
_a150 F35 _wDEWEY _c51014 _i61877 _d51014 _e2019-4-2 _f2021-11-3 _g5 _lCCODEBUL1 _mBUL _n11 _p66.00 _q5 _r0 _sY _tBOOK _u2015-7-6 _xSALUD _zP33 _0COMPRA _o.STAFF. Colección Ciencias de la Salud |
||
| 999 |
_a150 F35 _wDEWEY _c2 _i69342 _d2019-5-16 _e2019-5-10 _f2021-11-3 _g5 _lCCODEBUL1 _mBUL _n9 _p66.00 _q3 _r0 _sY _tBOOK _u2015-7-6 _xSALUD _zP33 _0COMPRA _o.STAFF. Colección Ciencias de la Salud |
||
| 999 |
_a150 F35 _wDEWEY _c3 _i69343 _d2019-10-28 _e2019-10-25 _f2021-11-3 _g5 _lCCODEBUL1 _mBUL _n16 _p66.00 _q5 _r0 _sY _tBOOK _u2015-7-6 _xSALUD _zP33 _0COMPRA _o.STAFF. Colección Ciencias de la Salud |
||
| 980 |
_81 _gALBERTO SANCHEZ Responsable de Automatización |
||